| 000 | 01082nam a2200289 i 4500 | ||
|---|---|---|---|
| 001 | 184222 | ||
| 003 | ES-MaACL | ||
| 005 | 20230906222118.0 | ||
| 008 | 150520s1973 sp ao e |||| | spa d | ||
| 020 | _a84-7017-378-2 | ||
| 080 | _a75:069(460.27 M.) Prado | ||
| 100 | 1 |
_aPallucchini, Anna. _9156877 |
|
| 245 | 1 | 3 |
_aEl Prado _b: Madrid / _c[presentación de F. J. Sánchez Cantón ; textos de Anna Pallucchinni, Carlo Ludovico Ragghianti, Licia Ragghianti Collobi]. |
| 246 | 3 | 4 | _aEnciclopedia de los museos |
| 260 |
_aBarcelona : _bArgos, _c[1973] |
||
| 300 |
_a172 p. : _bil. col., fot. ; _c29 cm. |
||
| 490 | 1 |
_aEnciclopedia de los museos ; _v2 |
|
| 500 | _aÍndices. | ||
| 504 | _aBibliografía: p. 168. | ||
| 610 | 2 |
_aMuseo Nacional del Prado. _9160001 |
|
| 700 | 1 |
_aRagghianti, Carlo Ludovico. _9156874 |
|
| 700 | 1 |
_aRagghianti Collobi, Licia. _9156876 |
|
| 700 | 1 |
_aSánchez Cantón, Francisco Javier, _d1891-1971 _9102521 |
|
| 830 | 0 |
_aEnciclopedia de los museos ; _v2 _9192084 |
|
| 852 |
_aES-MaACL _jE-15632 _z- enc. guaflex |
||
| 999 |
_c184222 _d184222 |
||